| 000 | 00740nam a22002412 4500 | ||
|---|---|---|---|
| 001 | 0000002163 | ||
| 005 | 20151217151841.0 | ||
| 008 | 070403s xx 000 0 eng d | ||
| 020 |
_a8185386196 : _cKES 425 |
||
| 040 |
_aKABU _cKABU |
||
| 050 | 0 |
_aHF5415 _b.H517 2001 |
|
| 100 | 1 |
_aHill, Richard M. _@0000151422 |
|
| 245 | 1 | 0 |
_aIndustrial marketing / _cRichard M. Hill, Ralph S. Alexander, James S. Cross. |
| 250 | _a4th ed. | ||
| 260 |
_aDelhi : _bA.I.T.B.S., _c2001. |
||
| 300 | _axii, 703 p. | ||
| 650 | 0 |
_aIndustrial marketing. _@0000151423 |
|
| 700 | 1 |
_aAlexender, Ralph S. _@0000151424 |
|
| 700 | 1 |
_aCross, James S. _@0000151425 |
|
| 908 | _a070403 | ||
| 950 | _@1 | ||
| 999 |
_c5677 _d5677 |
||